000 00305nam a22001457a 4500
003 SGT
082 _a617.96
_bR06D
100 _aDHIKAV, VIKAS
245 _aRAPID REVIEW OF ANESTHESIA
250 _a1ST
260 _aINDIA
_bAITBS PUB
_c2006
300 _a182
650 _aANESTHESIA
942 _2ddc
_cBK
999 _c18469
_d18469